[Event "EU-chT Seniors 15th"]
[Site "Dresden"]
[Date "2013.07.26"]
[Round "7"]
[White "Schlag, Franz"]
[Black "Knaak, Joachim"]
[Result "1/2-1/2"]
[WhiteElo "2037"]
[BlackElo "2197"]
[PlyCount "102"]
[EventDate "2013.07.20"]
[EventType "team-swiss"]
[EventRounds "9"]
[EventCountry "GER"]
[SourceTitle "CBM 155 Extra"]
[Source "ChessBase"]
[SourceDate "2013.08.26"]
[SourceVersion "1"]
[SourceVersionDate "2013.08.26"]
[SourceQuality "1"]
[WhiteTeam "Hessen II"]
[BlackTeam "Germany II"]
[WhiteTeamCountry "GER"]
[BlackTeamCountry "GER"]

1. Nc3 g6 2. d4 Bg7 3. e4 d6 4. f4 Nf6 5. Nf3 0-0 6. Bd3 Nc6 7. 0-0 Bg4 8. Ne2 Bxf3 9. Rxf3 e5 10. c3 exd4 11. Nxd4 Re8 12. Nxc6 bxc6 13. f5 Nxe4 14. fxg6 fxg6 15. Be3 Qe7 16. Qc2 d5 17. Raf1 Rf8 18. Qc1 a5 19. Rxf8+ Rxf8 20. Rxf8+ Bxf8 21. Qe1 Nc5 22. Qd2 Nxd3 23. Qxd3 Qe5 24. g3 Qf5 25. Qd1 Qe4 26. Kf2 a4 27. b4 axb3 28. Qxb3 Qd3 29. Bd4 Qf5+ 30. Kg2 c5 31. Be3 c4 32. Qb2 Qe4+ 33. Kf2 Qh1 34. Qb7 Qxh2+ 35. Kf3 Qh1+ 36. Kf2 Qe4 37. a4 Qc2+ 38. Kf3 Qd1+ 39. Kf2 Qc2+ 40. Kf3 Qf5+ 41. Ke2 c5 42. Qc6 d4 43. cxd4 Qd3+ 44. Kf2 Qc2+ 45. Kf3 Qf5+ 46. Ke2 c3 47. d5 Qc2+ 48. Kf3 Qd1+ 49. Kf2 Qc2+ 50. Kf3 Qf5+ 51. Ke2 Qc2+ 1/2-1/2

[Event "EU-chT Seniors 15th"]
[Site "Dresden"]
[Date "2013.07.24"]
[Round "5"]
[White "Schrickx, Frank"]
[Black "Schlag, Franz"]
[Result "1/2-1/2"]
[WhiteElo "1901"]
[BlackElo "2037"]
[PlyCount "100"]
[EventDate "2013.07.20"]
[EventType "team-swiss"]
[EventRounds "9"]
[EventCountry "GER"]
[SourceTitle "CBM 155 Extra"]
[Source "ChessBase"]
[SourceDate "2013.08.26"]
[SourceVersion "1"]
[SourceVersionDate "2013.08.26"]
[SourceQuality "1"]
[WhiteTeam "Belgium II"]
[BlackTeam "Hessen II"]
[WhiteTeamCountry "BEL"]
[BlackTeamCountry "GER"]

1. e4 e5 2. Nf3 Nc6 3. Bb5 Bb4 4. c3 Ba5 5. 0-0 Nge7 6. d4 exd4 7. cxd4 d5 8. e5 h6 9. Nc3 0-0 10. h3 Be6 11. Ne2 Qc8 12. Ng3 a6 13. Bd3 Rb8 14. Be3 Nf5 15. Nxf5 Bxf5 16. g4 Bxd3 17. Qxd3 Ne7 18. Qa3 Nc6 19. Nh4 Bb6 20. Nf5 Qe6 21. Qd3 Rbe8 22. Kg2 Qg6 23. Qd2 Kh7 24. f3 f6 25. Nh4 Qf7 26. Qd3+ g6 27. f4 f5 28. gxf5 gxf5 29. Kh2 Qh5 30. Bf2 Bxd4 31. Bxd4 Qxh4 32. Be3 d4 33. Bd2 Qh5 34. Rg1 Rg8 35. Rae1 Qf7 36. b3 Rxg1 37. Rxg1 Rg8 38. Rxg8 Kxg8 39. Qf3 Kf8 40. Qg3 Ke8 41. Qd3 Qh5 42. Be1 Ke7 43. Bg3 Kd7 44. Qc2 Qf7 45. Qd3 b5 46. Be1 Ke6 47. Bf2 Qd7 48. Qg3 Ne7 49. Qg7 Nc6 50. Qg8+ Qf7 1/2-1/2

[Event "EU-chT Seniors 15th"]
[Site "Dresden"]
[Date "2013.07.20"]
[Round "1"]
[White "Zhelnin, Vladimir V"]
[Black "Schlag, Franz"]
[Result "1-0"]
[WhiteElo "2459"]
[BlackElo "2037"]
[PlyCount "57"]
[EventDate "2013.07.20"]
[EventType "team-swiss"]
[EventRounds "9"]
[EventCountry "GER"]
[SourceTitle "CBM 155 Extra"]
[Source "ChessBase"]
[SourceDate "2013.08.26"]
[SourceVersion "1"]
[SourceVersionDate "2013.08.26"]
[SourceQuality "1"]
[WhiteTeam "Russia"]
[BlackTeam "Hessen II"]
[WhiteTeamCountry "RUS"]
[BlackTeamCountry "GER"]

1. e4 e5 2. Bc4 d6 3. d4 Nd7 4. Nf3 Qe7 5. Nc3 c6 6. a4 Nb6 7. Bb3 Bg4 8. a5 Nd7 9. a6 b5 10. d5 b4 11. dxc6 bxc3 12. cxd7+ Bxd7 13. Qd5 Rc8 14. Qb7 cxb2 15. Bxb2 Nh6 16. 0-0 Qd8 17. Qxa7 Ra8 18. Qb7 Be7 19. a7 0-0 20. Bd5 Ng4 21. Qxa8 Qxa8 22. Bxa8 Rxa8 23. Rfb1 Bc6 24. Bc3 Nf6 25. Rb8+ Bf8 26. Rxa8 Bxa8 27. Rb1 Nxe4 28. Rb8 Bd5 29. Bb4 1-0

[Event "Hessen-ch Seniors op 09th"]
[Site "Bad Sooden-Allendorf"]
[Date "2013.04.28"]
[Round "9"]
[White "Berger, Volkmar"]
[Black "Schlag, Franz"]
[Result "0-1"]
[WhiteElo "1822"]
[BlackElo "2026"]
[PlyCount "162"]
[EventDate "2013.04.20"]
[EventType "swiss"]
[EventRounds "9"]
[EventCountry "GER"]
[SourceTitle "EXT 2019"]
[Source "ChessBase"]
[SourceDate "2018.10.10"]
[SourceVersion "1"]
[SourceVersionDate "2018.10.10"]
[SourceQuality "1"]

1. Nf3 Nf6 2. g3 c6 3. Bg2 d5 4. d3 Bg4 5. 0-0 Bxf3 6. Bxf3 e5 7. e4 Be7 8. Nc3 0-0 9. b3 Na6 10. a3 Nc7 11. Bb2 Ne6 12. Bg2 Bc5 13. h3 Bd4 14. Na4 Bxb2 15. Nxb2 Qc7 16. Rc1 Rad8 17. Qe1 Nd4 18. a4 Rfe8 19. Nd1 g6 20. Qe3 Qb6 21. Kh2 Kg7 22. Nc3 Qa5 23. Ne2 c5 24. Rfd1 a6 25. Qd2 Qb6 26. Nc3 dxe4 27. Nxe4 Nd5 28. Rb1 f5 29. Nc3 Nb4 30. Rb2 e4 31. Qc1 exd3 32. cxd3 Qc7 33. a5 Qxa5 34. Bxb7 Qc7 35. Bg2 Qf7 36. Na4 Rc8 37. Qc4 Qxc4 38. dxc4 Red8 39. Rbd2 Nbc2 40. Rd3 Re8 41. Bb7 Rc7 42. Bxa6 Re2 43. Kg1 g5 44. Kf1 Re5 45. Nc3 Nb4 46. Nb5 Rce7 47. f4 Re2 48. Nxd4 cxd4 49. Bc8 Nxd3 50. Rxd3 Rb2 51. Bxf5 Ra7 52. Bg4 Ra1+ 53. Rd1 Rxd1+ 54. Bxd1 gxf4 55. gxf4 Kf6 56. c5 Rb1 57. Ke2 Rc1 58. b4 Rc4 59. c6 Rxb4 60. Kd3 Ke7 61. Bg4 Kd6 62. Bd7 h6 63. f5 Rb3+ 64. Kxd4 Rxh3 65. Ke4 Rh1 66. Kf4 Rg1 67. Kf3 h5 68. Kf4 Rg4+ 69. Kf3 Rc4 70. Kg3 Ke5 71. Be8 h4+ 72. Kh3 Kxf5 73. c7 Kg5 74. c8Q Rxc8 75. Bd7 Rc3+ 76. Kh2 Kf4 77. Bh3 Rc2+ 78. Kh1 Kg3 79. Bf1 Rc1 80. Kg1 h3 81. Kh1 Rxf1# 0-1

[Event "Hessen-ch Seniors op 09th"]
[Site "Bad Sooden-Allendorf"]
[Date "2013.04.23"]
[Round "4"]
[White "Schlag, Franz"]
[Black "Lenk, Wolfgang"]
[Result "1/2-1/2"]
[WhiteElo "2026"]
[BlackElo "2224"]
[PlyCount "62"]
[EventDate "2013.04.20"]
[EventType "swiss"]
[EventRounds "9"]
[EventCountry "GER"]
[SourceTitle "EXT 2019"]
[Source "ChessBase"]
[SourceDate "2018.10.10"]
[SourceVersion "1"]
[SourceVersionDate "2018.10.10"]
[SourceQuality "1"]

1. Nc3 Nf6 2. Nf3 g6 3. g3 Bg7 4. Bg2 0-0 5. 0-0 d6 6. d4 Na6 7. a3 c5 8. Bg5 cxd4 9. Nxd4 h6 10. Bxf6 Bxf6 11. e3 Nc5 12. Nd5 Bg7 13. b4 Ne6 14. c4 Rb8 15. Rc1 Bd7 16. Qd3 Nxd4 17. exd4 a6 18. Rfe1 e6 19. Ne3 Qf6 20. d5 Qd4 21. Qb3 e5 22. c5 dxc5 23. Rc4 Qd2 24. Rd1 Qe2 25. Bf1 Qf3 26. Bg2 Qf6 27. bxc5 Rfc8 28. Rdc1 Bf8 29. a4 b5 30. axb5 Rxb5 31. Qa3 Rbxc5 1/2-1/2

[Event "MVP-ch Seniors op 12th"]
[Site "Binz"]
[Date "2012.12.04"]
[Round "7"]
[White "Minte, Horst"]
[Black "Schlag, Franz"]
[Result "0-1"]
[WhiteElo "1635"]
[BlackElo "1801"]
[PlyCount "104"]
[EventDate "2012.11.28"]
[EventType "swiss"]
[EventRounds "9"]
[EventCountry "GER"]
[SourceTitle "EXT 2014"]
[Source "ChessBase"]
[SourceDate "2013.11.20"]
[SourceVersion "1"]
[SourceVersionDate "2013.11.20"]
[SourceQuality "1"]

1. d4 e6 2. Bf4 f5 3. e3 Nf6 4. Bd3 Be7 5. Nd2 0-0 6. h3 b6 7. Ngf3 Bb7 8. Rg1 d6 9. Bc4 Nd5 10. Bh2 Kh8 11. Qe2 Qd7 12. c3 Nf6 13. Ng5 d5 14. Bd3 Ne4 15. Ngf3 c5 16. Ne5 Qe8 17. f4 c4 18. Bc2 Nxd2 19. Kxd2 b5 20. g4 Nc6 21. Nf3 Bc8 22. gxf5 exf5 23. Ng5 Bf6 24. Qf3 Ne7 25. Qg3 a5 26. a3 Ra6 27. h4 Bd7 28. Qh3 Rb6 29. b4 cxb3 30. Bxb3 a4 31. Ba2 Qh5 32. Nf3 Rd6 33. Rg3 Ng6 34. Rag1 Nxh4 35. Nxh4 Bxh4 36. Rf3 Qh6 37. Bg3 Bxg3 38. Qxg3 Rg6 39. Qf2 Rxg1 40. Qxg1 Be6 41. Qg2 Qf6 42. Qf1 Rb8 43. Bb1 Qe7 44. Qc1 Rc8 45. Rf2 g6 46. Rh2 Kg7 47. Qh1 h5 48. Qg1 Qxa3 49. Qg5 Rxc3 50. Bc2 Rxe3 51. Qg1 Qc3+ 52. Kd1 Qa1+ 0-1

[Event "MVP-ch Seniors op 12th"]
[Site "Binz"]
[Date "2012.11.30"]
[Round "3"]
[White "Klages, Hans Juergen"]
[Black "Schlag, Franz"]
[Result "1-0"]
[WhiteElo "2040"]
[BlackElo "1801"]
[PlyCount "53"]
[EventDate "2012.11.28"]
[EventType "swiss"]
[EventRounds "9"]
[EventCountry "GER"]
[SourceTitle "EXT 2014"]
[Source "ChessBase"]
[SourceDate "2013.11.20"]
[SourceVersion "1"]
[SourceVersionDate "2013.11.20"]
[SourceQuality "1"]

1. e4 e5 2. Nf3 d6 3. d4 Nd7 4. Bc4 Nb6 5. Bb3 Bg4 6. dxe5 dxe5 7. Bxf7+ Ke7 8. Qxd8+ Rxd8 9. Bxg8 Rxg8 10. Bg5+ Ke8 11. Bxd8 Kxd8 12. Nxe5 Be6 13. Nc3 c6 14. 0-0-0+ Kc7 15. f4 g6 16. Rhf1 Bb4 17. a3 Bd6 18. Nd3 Bc4 19. g4 Rf8 20. e5 Be7 21. f5 Bg5+ 22. Kb1 Nd5 23. Nxd5+ cxd5 24. fxg6 Rxf1 25. Rxf1 hxg6 26. Rf7+ Kc8 27. Rg7 1-0

[Event "MVP-ch Seniors op 12th"]
[Site "Binz"]
[Date "2012.11.28"]
[Round "1"]
[White "Ludwig, Richard"]
[Black "Schlag, Franz"]
[Result "1/2-1/2"]
[WhiteElo "1451"]
[BlackElo "1801"]
[PlyCount "99"]
[EventDate "2012.11.28"]
[EventType "swiss"]
[EventRounds "9"]
[EventCountry "GER"]
[SourceTitle "EXT 2014"]
[Source "ChessBase"]
[SourceDate "2013.11.20"]
[SourceVersion "1"]
[SourceVersionDate "2013.11.20"]
[SourceQuality "1"]

1. e4 e5 2. Nf3 d6 3. d3 f5 4. exf5 Bxf5 5. Be2 Nd7 6. Bg5 Ngf6 7. Nc3 Be7 8. Qd2 c6 9. h3 d5 10. Bxf6 Bxf6 11. 0-0 0-0 12. Rad1 Qc7 13. d4 e4 14. Nh2 h6 15. Bg4 Bg5 16. Qe2 Rae8 17. Bxf5 Rxf5 18. Ng4 Ref8 19. Ne3 Bxe3 20. fxe3 Qg3 21. Rxf5 Rxf5 22. Rf1 Rg5 23. Kh1 Nf6 24. Qf2 Nh5 25. Ne2 Qxf2 26. Rxf2 Ng3+ 27. Nxg3 Rxg3 28. Re2 h5 29. Kg1 h4 30. a4 Kf7 31. Kf2 Ke6 32. b3 Kd6 33. b4 b6 34. c3 a6 35. Rc2 Rg6 36. Re2 c5 37. Rc2 c4 38. b5 a5 39. Rc1 Rg3 40. Rg1 Ke6 41. Ke2 g5 42. Kf2 Kf5 43. Rf1 Kg6 44. Rg1 Kh5 45. Rh1 g4 46. hxg4+ Kxg4 47. Rh2 h3 48. gxh3+ Rxh3 49. Rg2+ Kf5 50. Ke2 1/2-1/2

[Event "Hessen-ch Seniors op 08th"]
[Site "Bad Sooden-Allendorf"]
[Date "2012.04.19"]
[Round "6"]
[White "Geisler, Reinhard"]
[Black "Schlag, Franz"]
[Result "1-0"]
[WhiteElo "1899"]
[BlackElo "2077"]
[PlyCount "53"]
[EventDate "2012.04.14"]
[EventType "swiss"]
[EventRounds "9"]
[EventCountry "GER"]
[SourceTitle "EXT 2019"]
[Source "ChessBase"]
[SourceDate "2018.10.10"]
[SourceVersion "1"]
[SourceVersionDate "2018.10.10"]
[SourceQuality "1"]

1. c4 c6 2. d4 Nf6 3. Nf3 g6 4. Nc3 Bg7 5. g3 0-0 6. Bg2 d6 7. 0-0 Bf5 8. Nd2 Qc8 9. e4 Bh3 10. Nf3 Na6 11. Re1 h6 12. a3 c5 13. d5 Bxg2 14. Kxg2 Nd7 15. h4 Nc7 16. Bf4 f6 17. Qd2 Kh7 18. Rab1 Ne5 19. Qe2 g5 20. Bxe5 dxe5 21. hxg5 hxg5 22. b4 cxb4 23. axb4 Kg8 24. Nh2 Ne8 25. Ng4 Kf7 26. Rh1 Nd6 27. c5 1-0

[Event "Hessen-ch Seniors op 08th"]
[Site "Bad Sooden-Allendorf"]
[Date "2012.04.16"]
[Round "3"]
[White "Goepfart, Dietrich"]
[Black "Schlag, Franz"]
[Result "0-1"]
[WhiteElo "1669"]
[BlackElo "2077"]
[PlyCount "66"]
[EventDate "2012.04.14"]
[EventType "swiss"]
[EventRounds "9"]
[EventCountry "GER"]
[SourceTitle "EXT 2019"]
[Source "ChessBase"]
[SourceDate "2018.10.10"]
[SourceVersion "1"]
[SourceVersionDate "2018.10.10"]
[SourceQuality "1"]

1. e4 e5 2. Nf3 d6 3. Nc3 Bg4 4. Be2 Nd7 5. d3 c6 6. Bd2 Ngf6 7. h3 Bh5 8. Nh2 Bxe2 9. Qxe2 Be7 10. 0-0 0-0 11. f4 h6 12. f5 a6 13. Qf3 Qb6+ 14. Kh1 Qxb2 15. Rfc1 Qb6 16. Be3 Qa5 17. Ne2 d5 18. Ng3 Qa4 19. Ng4 Kh7 20. Nxf6+ Nxf6 21. Nh5 Nxh5 22. Qxh5 dxe4 23. g4 exd3 24. cxd3 Qb5 25. f6 Qd5+ 26. Kg1 Bxf6 27. g5 Qxd3 28. Re1 Be7 29. Qg4 Qg6 30. h4 f5 31. Qg2 f4 32. Bd2 Bc5+ 33. Kh1 Rae8 0-1

[Event "GER-chT Seniors 20th"]
[Site "Gladenbach"]
[Date "2011.09.16"]
[Round "6.4"]
[White "Schlag, Franz"]
[Black "Rychlik, Kurt"]
[Result "1-0"]
[WhiteElo "1873"]
[BlackElo "1917"]
[PlyCount "120"]
[EventDate "2011.09.11"]
[EventType "team-swiss"]
[EventRounds "7"]
[EventCountry "GER"]
[SourceTitle "CBM 144 Extra"]
[Source "ChessBase"]
[SourceDate "2011.10.28"]
[SourceVersion "1"]
[SourceVersionDate "2011.10.28"]
[SourceQuality "1"]
[WhiteTeam "Hessen III"]
[BlackTeam "Niedersachsen II"]
[WhiteTeamCountry "GER"]
[BlackTeamCountry "GER"]

1. Nc3 d5 2. e4 d4 3. Nce2 e5 4. Ng3 Nf6 5. Bc4 Bd6 6. d3 0-0 7. N1e2 c6 8. 0-0 b5 9. Bb3 a5 10. a3 a4 11. Ba2 Bg4 12. f3 Be6 13. f4 exf4 14. Nxf4 Bxa2 15. Rxa2 g6 16. Nh3 Nbd7 17. Bg5 Be5 18. Bh6 Re8 19. Qf3 c5 20. Nf2 Re6 21. Ng4 Bd6 22. Raa1 Qe8 23. Rae1 Nxg4 24. Qxg4 Ne5 25. Qg5 Be7 26. Qd2 Ng4 27. Bf4 f6 28. h3 Ne5 29. Nh1 Nf7 30. Nf2 h5 31. Qe2 Kg7 32. h4 g5 33. hxg5 fxg5 34. Bd2 Ne5 35. Nh3 Qg6 36. Rf5 Rf8 37. Ref1 Ref6 38. Bxg5 Rxf5 39. exf5 Qd6 40. Bxe7 Qxe7 41. Qxh5 Rf6 42. Qg5+ Kf7 43. Nf4 Rd6 44. Qh5+ Kg8 45. Ne6 c4 46. Rf4 Rxe6 47. fxe6 Qxe6 48. Qg5+ Ng6 49. Rf6 Qe1+ 50. Kh2 Qh4+ 51. Qxh4 Nxh4 52. Rf4 cxd3 53. cxd3 Ng6 54. Rxd4 Kf7 55. Rb4 Ne5 56. Rxb5 Nxd3 57. g4 Ke6 58. Kg3 Kd6 59. g5 Ke6 60. Kg4 Ne5+ 1-0

[Event "GER-chT Seniors 20th"]
[Site "Gladenbach"]
[Date "2011.09.15"]
[Round "5.4"]
[White "Kuehn, Peter1111"]
[Black "Schlag, Franz"]
[Result "1/2-1/2"]
[WhiteElo "1855"]
[BlackElo "1873"]
[PlyCount "33"]
[EventDate "2011.09.11"]
[EventType "team-swiss"]
[EventRounds "7"]
[EventCountry "GER"]
[SourceTitle "CBM 144 Extra"]
[Source "ChessBase"]
[SourceDate "2011.10.28"]
[SourceVersion "1"]
[SourceVersionDate "2011.10.28"]
[SourceQuality "1"]
[WhiteTeam "Mecklenburg Vorpommern"]
[BlackTeam "Hessen III"]
[WhiteTeamCountry "GER"]
[BlackTeamCountry "GER"]

1. e4 e5 2. Nf3 d6 3. d4 Nd7 4. Bc4 Be7 5. Nc3 c6 6. 0-0 Nb6 7. Bb3 Qc7 8. h3 Nf6 9. a4 a5 10. Be3 exd4 11. Nxd4 0-0 12. f4 d5 13. exd5 Nbxd5 14. Nxd5 Nxd5 15. Bxd5 cxd5 16. Nb5 Qc6 17. Qd3 1/2-1/2

[Event "GER-chT Seniors 20th"]
[Site "Gladenbach"]
[Date "2011.09.14"]
[Round "4.4"]
[White "Schlag, Franz"]
[Black "Sprotte, Norbert"]
[Result "1/2-1/2"]
[WhiteElo "1873"]
[BlackElo "2124"]
[PlyCount "92"]
[EventDate "2011.09.11"]
[EventType "team-swiss"]
[EventRounds "7"]
[EventCountry "GER"]
[SourceTitle "CBM 144 Extra"]
[Source "ChessBase"]
[SourceDate "2011.10.28"]
[SourceVersion "1"]
[SourceVersionDate "2011.10.28"]
[SourceQuality "1"]
[WhiteTeam "Hessen III"]
[BlackTeam "Berlin II"]
[WhiteTeamCountry "GER"]
[BlackTeamCountry "GER"]

1. e4 e6 2. d4 d5 3. e5 c5 4. c3 Nc6 5. Be3 Qb6 6. Qd2 Bd7 7. Nf3 cxd4 8. cxd4 Nge7 9. Nc3 Nf5 10. g4 Nxe3 11. fxe3 Be7 12. Bd3 Nb4 13. Be2 a5 14. a4 Rc8 15. 0-0 Qd8 16. Ne1 0-0 17. Nd3 Nxd3 18. Bxd3 Bg5 19. Rf3 Qe7 20. Qf2 Bh4 21. Qg2 h6 22. Raf1 f6 23. exf6 Bxf6 24. Bg6 Bg5 25. Qg3 Rxf3 26. Rxf3 Rf8 27. Rxf8+ Qxf8 28. Kg2 Be7 29. Qc7 Bc6 30. Nb5 Qd8 31. Qe5 Qd7 32. Qb8+ Bf8 33. Nc3 Qd6 34. Qc8 Qe7 35. h3 Qf6 36. Be8 Bxe8 37. Qxe8 Qe7 38. Qxe7 Bxe7 39. Kf3 Bb4 40. Ne2 Kf7 41. Nc1 b6 42. Nd3 Bd6 43. b3 Kf6 44. Nf4 Bxf4 45. exf4 g6 46. Ke3 Kf7 1/2-1/2

[Event "Niedersachsen-ch Seniors op 14th"]
[Site "Bad Bevensen"]
[Date "2011.07.13"]
[Round "9"]
[White "Schlag, Franz"]
[Black "Wittmann, Georg"]
[Result "0-1"]
[WhiteElo "1847"]
[BlackElo "1761"]
[PlyCount "96"]
[EventDate "2011.07.05"]
[EventType "swiss"]
[EventRounds "9"]
[EventCountry "GER"]
[SourceTitle "EXT 2012"]
[Source "ChessBase"]
[SourceDate "2011.11.24"]
[SourceVersion "1"]
[SourceVersionDate "2011.11.24"]
[SourceQuality "1"]

1. e4 c6 2. d4 d5 3. c4 dxe4 4. Nc3 Nf6 5. f3 exf3 6. Nxf3 e6 7. Bd3 c5 8. Be3 cxd4 9. Bxd4 Be7 10. 0-0 Nc6 11. Bf2 Nb4 12. Be4 Qxd1 13. Raxd1 Nxe4 14. Nxe4 0-0 15. a3 Nc6 16. c5 Bf6 17. b4 a6 18. Nd6 Ne5 19. Bg3 Nxf3+ 20. Rxf3 Rd8 21. Rfd3 Be7 22. Kf2 f6 23. Nc4 Rxd3 24. Rxd3 e5 25. Nd6 Bxd6 26. Rxd6 Kf7 27. Rb6 Ke7 28. Ke3 Kd7 29. Bh4 Kc7 30. Bxf6 gxf6 31. Rxf6 Bd7 32. Rf7 Rg8 33. g3 h5 34. Rh7 Rg5 35. Rh6 Bc6 36. Rh7+ Kd8 37. a4 Bxa4 38. Rxb7 Rg4 39. Rh7 Rxb4 40. Rxh5 e4 41. Rh6 Bb5 42. g4 a5 43. g5 a4 44. g6 a3 45. g7 Bc4 46. Ra6 a2 47. Ra7 Rb1 48. Kd4 a1Q+ 0-1

[Event "Niedersachsen-ch Seniors op 14th"]
[Site "Bad Bevensen"]
[Date "2011.07.12"]
[Round "8"]
[White "Matrisch, Gerd"]
[Black "Schlag, Franz"]
[Result "1/2-1/2"]
[WhiteElo "1774"]
[BlackElo "1847"]
[PlyCount "33"]
[EventDate "2011.07.05"]
[EventType "swiss"]
[EventRounds "9"]
[EventCountry "GER"]
[SourceTitle "EXT 2012"]
[Source "ChessBase"]
[SourceDate "2011.11.24"]
[SourceVersion "1"]
[SourceVersionDate "2011.11.24"]
[SourceQuality "1"]

1. e4 e5 2. Bc4 Nf6 3. d3 Bc5 4. Nf3 d6 5. h3 0-0 6. 0-0 c6 7. Nc3 b5 8. Bb3 Qb6 9. Bg5 Nbd7 10. a4 h6 11. Bxf6 Nxf6 12. axb5 cxb5 13. Nd5 Nxd5 14. Bxd5 Bb7 15. Bxb7 Qxb7 16. Qd2 Kh7 17. c3 1/2-1/2

[Event "Niedersachsen-ch Seniors op 14th"]
[Site "Bad Bevensen"]
[Date "2011.07.09"]
[Round "5"]
[White "Schlag, Franz"]
[Black "Juckschat, Paul"]
[Result "1-0"]
[WhiteElo "1847"]
[BlackElo "1692"]
[PlyCount "56"]
[EventDate "2011.07.05"]
[EventType "swiss"]
[EventRounds "9"]
[EventCountry "GER"]
[SourceTitle "EXT 2012"]
[Source "ChessBase"]
[SourceDate "2011.11.24"]
[SourceVersion "1"]
[SourceVersionDate "2011.11.24"]
[SourceQuality "1"]

1. e4 d5 2. Nc3 dxe4 3. Nxe4 Qd5 4. Ng3 Nf6 5. c4 Qe5+ 6. Be2 c5 7. Nf3 Qd6 8. 0-0 Nc6 9. b3 Bd7 10. d3 h6 11. Be3 e5 12. Re1 Be7 13. a3 0-0 14. Qd2 a5 15. Nh4 Nd4 16. Bxd4 cxd4 17. Nhf5 Bxf5 18. Nxf5 Qe6 19. g4 Nd7 20. Nxe7+ Qxe7 21. Bf3 Nc5 22. Qe2 f6 23. b4 Na4 24. Qe4 Ra7 25. Qxd4 b6 26. Qd5+ Kh8 27. Qb5 axb4 28. axb4 Nc3 1-0

[Event "Hessen-ch Seniors op 07th"]
[Site "Bad Sooden-Allendorf"]
[Date "2011.05.05"]
[Round "6"]
[White "Brandt, Fred"]
[Black "Schlag, Franz"]
[Result "0-1"]
[WhiteElo "1701"]
[BlackElo "1903"]
[PlyCount "88"]
[EventDate "2011.04.30"]
[EventType "swiss"]
[EventRounds "9"]
[EventCountry "GER"]
[SourceTitle "EXT 2012"]
[Source "ChessBase"]
[SourceDate "2011.11.24"]
[SourceVersion "1"]
[SourceVersionDate "2011.11.24"]
[SourceQuality "1"]

1. d4 Nf6 2. Nf3 d5 3. e3 Bg4 4. Nbd2 e6 5. Be2 c5 6. c3 Nbd7 7. 0-0 Bd6 8. Qc2 Rc8 9. Re1 0-0 10. h3 Bh5 11. dxc5 Nxc5 12. Bd3 Nxd3 13. Qxd3 Bg6 14. Qe2 h6 15. Nh2 Bh5 16. Qd3 Re8 17. Kh1 Qc7 18. Nhf3 Bg6 19. Qe2 e5 20. Nb3 Bf5 21. Nh4 Be6 22. Nf3 Qd7 23. Ng1 b6 24. f3 a5 25. Bd2 a4 26. Nc1 g5 27. Qf2 Rc4 28. b3 Rh4 29. g3 Rh5 30. g4 Nxg4 31. fxg4 Bxg4 32. Qg2 Bxh3 33. Nxh3 Rxh3+ 34. Kg1 e4 35. Ne2 a3 36. Rad1 Rh4 37. Kf2 Rh2 38. Qxh2 Bxh2 39. Nd4 Qg4 40. Rh1 Bg3+ 41. Kf1 h5 42. Rg1 h4 43. Be1 f5 44. Bxg3 hxg3 0-1

[Event "GER-ch Seniors 22nd"]
[Site "Berlin"]
[Date "2010.08.23"]
[Round "8"]
[White "Schlag, Franz"]
[Black "Mertens, Gottfried"]
[Result "1-0"]
[WhiteElo "1919"]
[BlackElo "1762"]
[PlyCount "103"]
[EventDate "2010.08.16"]
[EventType "swiss"]
[EventRounds "9"]
[EventCountry "GER"]
[SourceTitle "CBM 138 Extra"]
[Source "ChessBase"]
[SourceDate "2010.10.29"]
[SourceVersion "1"]
[SourceVersionDate "2010.10.29"]
[SourceQuality "1"]

1. e4 e6 2. Nf3 d5 3. e5 c5 4. b4 Qb6 5. bxc5 Bxc5 6. d4 Bb4+ 7. c3 Be7 8. Bd3 Bd7 9. a4 Nc6 10. 0-0 Na5 11. Ba3 Rc8 12. Qe2 Nc4 13. Bc1 Qc7 14. Nbd2 Nh6 15. Nxc4 dxc4 16. Bc2 Qa5 17. Bb2 Qa6 18. Nd2 Bc6 19. Ne4 Nf5 20. g4 Nh4 21. f3 Bd5 22. Ba3 Ng6 23. Bxe7 Bxe4 24. Bxe4 Nxe7 25. f4 Nd5 26. Bxd5 exd5 27. Qf3 Rd8 28. f5 0-0 29. Rf2 b5 30. f6 bxa4 31. fxg7 Kxg7 32. g5 a3 33. Qf6+ Qxf6 34. gxf6+ Kh8 35. Rxa3 Rd7 36. Rb2 h6 37. Rba2 Ra8 38. Ra5 Kh7 39. Rg2 Rg8 40. Rxg8 Kxg8 41. Kg2 Kh7 42. Kg3 Kg6 43. Kg4 Rb7 44. Rxd5 Rb3 45. Rd8 Kh7 46. Rf8 Rxc3 47. Rxf7+ Kg8 48. Rxa7 Rd3 49. e6 Rxd4+ 50. Kf5 Rd8 51. Rc7 Ra8 52. Kg6 1-0

[Event "GER-ch Seniors 22nd"]
[Site "Berlin"]
[Date "2010.08.21"]
[Round "6"]
[White "Schlag, Franz"]
[Black "Perk, Egbert"]
[Result "1/2-1/2"]
[WhiteElo "1919"]
[BlackElo "1759"]
[PlyCount "50"]
[EventDate "2010.08.16"]
[EventType "swiss"]
[EventRounds "9"]
[EventCountry "GER"]
[SourceTitle "CBM 138 Extra"]
[Source "ChessBase"]
[SourceDate "2010.10.29"]
[SourceVersion "1"]
[SourceVersionDate "2010.10.29"]
[SourceQuality "1"]

1. e4 d6 2. Bc4 Nf6 3. d3 Nbd7 4. f4 c6 5. Nc3 b5 6. Bb3 Nc5 7. Nf3 Nxb3 8. axb3 b4 9. Nb1 e6 10. 0-0 Be7 11. h3 0-0 12. Be3 Qc7 13. Nbd2 d5 14. e5 Nd7 15. Qe2 c5 16. Bf2 Bb7 17. Bh4 Nb6 18. Bxe7 Qxe7 19. Qf2 Nd7 20. Qg3 Kh8 21. Ra5 a6 22. Rf2 Rac8 23. Nf1 Nb8 24. Ne3 Nc6 25. Ra1 f6 1/2-1/2

[Event "Niedersachsen-ch Seniors op 13th"]
[Site "Bad Bevensen"]
[Date "2010.07.14"]
[Round "9"]
[White "Schlag, Franz"]
[Black "Wittmann, Georg"]
[Result "1/2-1/2"]
[WhiteElo "1869"]
[BlackElo "1752"]
[PlyCount "86"]
[EventDate "2010.07.06"]
[EventType "swiss"]
[EventRounds "9"]
[EventCountry "GER"]
[SourceTitle "EXT 2012"]
[Source "ChessBase"]
[SourceDate "2011.11.24"]
[SourceVersion "1"]
[SourceVersionDate "2011.11.24"]
[SourceQuality "1"]

1. e4 c6 2. d4 d5 3. c4 dxe4 4. f3 Nf6 5. Nc3 Bf5 6. fxe4 Bxe4 7. Bg5 Bg6 8. Nf3 h6 9. Bh4 Nbd7 10. Bd3 Bxd3 11. Qxd3 e6 12. 0-0 Be7 13. Rae1 0-0 14. Kh1 Qc7 15. d5 Rad8 16. Qe2 cxd5 17. cxd5 Nc5 18. b4 Na6 19. Nb5 Qd7 20. dxe6 Qxe6 21. Qxe6 fxe6 22. a3 Rd5 23. Rxe6 Bxb4 24. Bxf6 Rxf6 25. Rxf6 gxf6 26. a4 Nc5 27. Nxa7 Nxa4 28. g3 Nc3 29. Nh4 Bc5 30. Nc8 Rd1 31. Rxd1 Nxd1 32. Nf5 b5 33. Ncd6 b4 34. Ne4 b3 35. Nxf6+ Kf7 36. Ne4 b2 37. Nd2 Nc3 38. Kg2 b1Q 39. Nxb1 Nxb1 40. Kf3 Nd2+ 41. Kf4 Nf1 42. h4 Kg6 43. g4 Nd2 1/2-1/2